| 000 | 00448cam a2200181ua 4500 | ||
|---|---|---|---|
| 001 | 11422 | ||
| 008 | 190919n ii |||gr||||Z||||||eng | ||
| 020 | _a9789386053725 | ||
| 040 | _cMAIN | ||
| 041 | _aeng | ||
| 082 | _a301 | ||
| 100 |
_aAnupama Biswas, _eAuthor. |
||
| 245 |
_aGlobalization and society _cBy Anupama Biswas |
||
| 260 |
_aNew Delhi: _bWisdom press, _c2017. |
||
| 300 | _a201p. | ||
| 653 | _aSociology & anthropology | ||
| 942 | _cBK | ||
| 999 |
_c10263 _d10263 |
||